| 000 | 00714nam a2200241 i 4500 | ||
|---|---|---|---|
| 001 | 15129 | ||
| 003 | ES-MaACL | ||
| 005 | 20250301203838.0 | ||
| 007 | t| | ||
| 008 | 991223s1999 sp ||||1| spa d | ||
| 020 | _a84-8310-638-8 | ||
| 080 | _a821.134.2-14"19" | ||
| 100 | 0 |
_aMartínez Sarrión, Antonio, _d1939-2021 _978419 |
|
| 245 | 1 | 0 |
_aCordura / _cAntonio Martínez Sarrión. |
| 250 | _a1ª ed. | ||
| 260 |
_aBarcelona : _bTusquets, _c1999. |
||
| 300 |
_a100 p. ; _c21 cm. |
||
| 490 | 1 |
_aMarginales. Nuevos textos sagrados ; _v177 |
|
| 830 | 0 | 0 |
_aMarginales. _pNuevos textos sagrados ; _v177 _9236111 |
| 852 |
_aES-MaACL _jL-22309 _bR.127804 |
||
| 942 | _2udc | ||
| 999 |
_c15129 _d15129 |
||